1514 1684 1418 1061 1342 1449 1947 1736 1474 1900 1600 1857 1155 1121 1390 1734 1666 1655 1758 1488 1461 1271 1174 1116 1450 1323 1119 1121 1204 1151 1020 1500 1302 1770 1872 1160 1195 1740 1438 1018 1873 1939 1522 1266 1303 1321 1301 1010 1976 1665 1038 1178 1256 1604 1775 1583 1965 1639 1582 1213 1322 1208 1355 1227 1999 1177 1717 1271 1274 1668 1498 1696 1773 1951 1239 1239 1698 1184 1667 1383 1304 1703 1917 1995 1851 1239 1914 1812 1269 1041 1926 1070 1729 1676 1668 1061 1619 1994 1739 BCNSPRNW ULIB Ver.6.0+V

เปลี่ยนเป็นภาษาไทย

Change to English
 แสดงรายละเอียดบรรณานุกรม
  กลับหน้าหลัก

Brief Record : Get Marc (ISO 2709) : E-mail record : QR code < ปิดหน้าต่าง
LEADER : 00000nam 2200000uu 4500
001    13399111310
003     ULIB
008    110622s2547||||th 000 0 tha d
020    9746119729 ล.1
050 04 BF724^bส719อ 2547
110 2  มหาวิทยาลัยสุโขทัยธรรมาธิราช.^bสาขาวิชาศึกษาศาสตร์
245 10 พฤติกรรมวัยรุ่น หน่วยที่ 1-8= Adolescent behavior /^cสาขาวิชาศึกษาศาสตร์ มหาวิทยาลัยสุโขทัยธรรมาธิราช
246 31 Adolescent behavior
250    พิมพ์ครั้งที่ 11
260    นนทบุรี :^bมหาวิทยาลัยสุโขทัยธรรมาธิราช ,^c2547
300    2 เล่ม :^bภาพประกอบ, ตาราง
440  0 เอกสารการสอนชุดวิชา ;^v22305
505 0  สารบาญ: ล.1 หน่วยที่ 1-8 -- ล.2 หน่วยที่ 9-15
650  7 วัยรุ่น
650  7 จิตวิทยาวัยรุ่น
945    ^p0^l0^i018921
995    ทศพร
999 ^a ใช้งานได้ทุกระบบ
รายการนี้ยังไม่มีแท็ก
คุณยังไม่ได้ล็อกอิน คุณสามารถมีกิจกรรมร่วมกับเว็บไซต์ได้ แต่ต้องล็อกอินก่อน ::
  ล็อกอิน

รายการสื่อสารสนเทศ

ลำดับที่ ประเภท เลขเรียก/บาร์โค้ด สถานที่ สถานะ
- ไม่พบข้อมูล -

รายการใกล้เคียง
    หัวเรื่อง [วัยรุ่น]
    หัวเรื่อง [จิตวิทยาวัยรุ่น]

BibComment


ยังไม่เคยถูกคอมเมนท์

คอมเมนท์ทรัพยากรรายการนี้
  คอมเมนท์: พฤติกรรมวัยรุ่น ห..


 Copyright 2026. Bcnsprnw @Library